An introduction to microcomputers

שמור ב:
מידע ביבליוגרפי
מחבר ראשי: Adam Osborne
פורמט: ספר
שפה:Undetermined
יצא לאור: Berkeley, Calif. Adam Osborne and Associates 1980
נושאים:
תגים: הוספת תג
אין תגיות, היה/י הראשונ/ה לתייג את הרשומה!
Thư viện lưu trữ: Trung tâm Học liệu Trường Đại học Cần Thơ
LEADER 00490nam a2200181Ia 4500
001 CTU_87203
008 210402s9999 xx 000 0 und d
082 |a 001.6419 
082 |b O.81 
100 |a Adam Osborne 
245 3 |a An introduction to microcomputers 
245 0 |c Adam Osborne 
260 |a Berkeley, Calif. 
260 |b Adam Osborne and Associates 
260 |c 1980 
650 |a microcomputers 
904 |i M.Loan 
980 |a Trung tâm Học liệu Trường Đại học Cần Thơ